LEADER 01004nam0-22003611i-450- 001 990000806940403321 005 20131119115050.0 010 $a88-8125-397-6 035 $a000080694 035 $aFED01000080694 035 $a(Aleph)000080694FED01 035 $a000080694 100 $a20131119d1999----km-y0itay50------ba 101 0 $aita 102 $aIT 105 $ay-------001yy 200 1 $aEducatorium a Utrecht$eRem Koolhaas$fAlessandro Rocca 210 $aFirenze$cAlinea$dc1999 215 $a36 p.$cill.$d23 cm 225 1 $aMomenti di architettura contemporanea$v5 610 0 $aKoolhaas, Rem$aUtrecht$aEducatorium 610 0 $aEdilizia scolastica 676 $a727 700 1$aRocca,$bAlessandro$f<1959- >$024223 801 0$aIT$bUNINA$gRICA$2UNIMARC 901 $aBK 912 $a990000806940403321 952 $aMON M 21$b10318$fFARBC 952 $a08 AE 193$b894$fDINED 959 $aFARBC 959 $aDINED 996 $aEducatorium a Utrecht$9352390 997 $aUNINA